01227nam a2200325 i 4500001000300000003000400003005001700007008004100024015001800065040001400083080001100097080001100108080001300119080001200132245013600144260006300280300002800343490005700371504004500428650002100473650003600494650003600530655003000566700003100596700004100627700003700668710005400705830004400759856009800803bgBPK20210203082549.0061026s2005 pl a f f |000 0 pol  aPB 2006/22479 aWA NcBPK a621.01 a620.17 a539.3/.4 a(075.8)00aTrwałość zmęczeniowa maszyn :blaboratorium /cWłodzimierz Będkowski [et al.] ; pod red. Tadeusza Łagody i Ewalda Machy. aOpole :bOficyna Wydawnicza Politechniki Opolskiej,c2005. a288 s. :bil. ;c24 cm.1 aSkrypt / Politechnika Opolska,x1427-9932 ;vnr 274. aBibliogr. s. 279-287. Wykaz norm s. 288. 4aMaszynyxteoria. 4aNaprężenia i odkształcenia 4aWytrzymałość materiałów 4aPodręczniki akademickie1 aBędkowski, Włodzimierz.1 aŁagoda, Tadeuszd(1965- )eRedakcja1 aMacha, Ewaldd(1940- )eRedakcja2 a Politechnika Opolska. bOficyna Wydawnicza4pbl. 0aSkrypt - Politechnika Opolska,vnr 274. uhttp://koha.tu.koszalin.pl/cgi-bin/koha/opac-detail.pl?biblionumber=53201yKatalog online BPK